Practical English usage

Saved in:
Bibliographic Details
Main Author: SWAN, Michael
Format: Book
Language:English
Published: Oxford University Press, 2005
Tags: Add Tag
No Tags, Be the first to tag this record!

MARC

LEADER 00000nam a22000007a 4500
008 210122b ||||| |||| 00| 0 eng d
020 |a 978-0-19-442096-9 
100 |a SWAN, Michael. 
245 |a Practical English usage  |c Michael Swan  |g  xxix; 653p.; ill 
250 |b 3rd ed. 
260 |b Oxford University Press,  |c  2005  |d Books  |h Oxford  |i 691322  |i  691323   |l PE1106 .SW9 
500 |a “It includes index” 
942 |a lcc  |c BK  |e Adekanye I. H.  |f 22/01/2021 
952 |0 0  |1 0  |2 lcc  |4 0  |6 PE1106 S W9  |7 0  |9 1579  |a HOL  |b ART  |c LP  |d 2021-01-22  |l 0  |o PE1106 .SW9  |p 2021-0367  |r 2021-01-22 00:00:00  |w 2021-01-22  |y BK 
952 |0 0  |1 0  |2 lcc  |4 0  |6 PE1106 S W9  |7 0  |9 1580  |a HOL  |b HOL  |c LP  |d 2021-01-22  |l 0  |o PE1106 .SW9  |p 2021-0368  |r 2021-01-22 00:00:00  |w 2021-01-22  |y BK 
999 |c 833  |d 833